Meilleurs pays asiatiques au football - Statistiques

Statistiques générales
  • Ce quiz a été pris 505 fois
    187 depuis la dernière actualisation
  • Le résultat moyen est 6 sur 10
Statistiques - réponses
Classement (Asie) Classement (Monde) Pays % Correct
1 18 Japon
100%
3 23 Corée du Sud
96%
8 56 Arabie Saoudite
80%
6 34 Qatar
76%
2 20 Iran
73%
7 55 Irak
60%
11 69 Émirats Arabes Unis
46%
5 26 Turquie
42%
10 68 Jordanie
35%
9 61 Ouzbékistan
23%
Aucun quiz correspondant
Distribution des résultats
% des personnes avec chaque résultat
Percentile par nombre de réponses
Votre historique - résultats
Vous n’avez pas pris ce quiz depuis la dernière actualisation